| 000 | 01041nam a22002774aa4500 | ||
|---|---|---|---|
| 003 | BOFEUTO | ||
| 005 | 20260513101123.0 | ||
| 008 | 260504t2025 bo gr 000 f spa d | ||
| 040 |
_6BOFEUTO _aBOFEUTO _cBOFEUTO |
||
| 041 | _aspa | ||
| 044 | _abo | ||
| 082 |
_aTE6313 _bR669e |
||
| 100 |
_aRocha Flores, Nila Belca _eautor |
||
| 245 |
_aEstrategias de marketing de guerrillas para el Instituto Técnico Maratha de la ciudad de Oruro. / _c Nila Belca Rocha Flores, Claudia Gutiérrez Ledezma |
||
| 260 |
_aOruro : _bs/n, _c2025. |
||
| 300 |
_a102 hojas ; _bgráf, ilus. ; _c28.5 cm. |
||
| 500 | _aIncluye bibliografía, anexos. | ||
| 502 | _aTesis Dirigida, (Licenciatura) -- Universidad Técnica de Oruro, Facultad de Ciencias Económicas, Financieras y Administrativas, Carrera Administración de Empresas, 2025. | ||
| 650 | _aEstrategias de Marketing | ||
| 653 | _aFormación | ||
| 653 | _aEducación | ||
| 653 | _aNecesidad | ||
| 653 | _aConocimientos | ||
| 700 |
_aGutiérrez Ledezma, Claudia _etutor |
||
| 942 |
_2ddc _cTE _n0 |
||
| 999 |
_c16168 _d16168 |
||